Modern Egypt : the formation of a nation-state

Αποθηκεύτηκε σε:
Λεπτομέρειες βιβλιογραφικής εγγραφής
Κύριος συγγραφέας: Goldschmidt, Arthur 1938-
Μορφή: Βιβλίο
Γλώσσα:English
Δημοσίευση: Colorado : Westview, 2004
Έκδοση:2nd ed.
Θέματα:
Ετικέτες: Προσθήκη ετικέτας
Δεν υπάρχουν, Καταχωρήστε ετικέτα πρώτοι!

MARC

LEADER 00000nam a2200000 i 4500
001 1/69350
008 080107s2004 eng d
020 |a 978-0-8133-3886-6 
020 |a 0-8133-3886-7 
035 |l 10093392 
040 |a GR-MY-UA  |b gre  |e aacr 
041 0 |a eng 
082 0 |a 962.04  |2 (22) 
100 1 |a Goldschmidt, Arthur  |d 1938- 
245 1 0 |a Modern Egypt :  |b the formation of a nation-state /  |c Arthur Goldschmidt 
250 |a 2nd ed.  
260 |a Colorado :   |b Westview,   |c 2004 
300 |a 242 σ.;  |c 23 εκ.  
504 |a Βιβλιογραφία: σ. 217-228 
504 |a Ευρετήριο: σ. 231-242 
651 0 |a Egypt  |x History  |y 1798- 
852 |a INST  |b LESVOS  |e 20080107  |h 962.04 GOL  |p 005100040829  |q 005100040829  |t BK  |y 0 
901 |a BIBL1-2008-1 
909 |a Λ  |b 142703 
922 |a 1ΕΛΗ  |b 200712  |c ΕΠΕΑΕΚ2/ΤΚΑ  |d ΕΛΕΥΘΕΡΟΥΔΑΚΗΣ 
970 |a ΧΑΤΖΗΜΙΧΑΗΛ  |b ΜΑΡΙΑ  |z 2008/01/07